000 01257cam a2200325 i 4500
001 caronovel00pack
003 CaSfIA
005 20210117222747.0
007 cr||||
008 750407s1975 nyu 000 1 eng
010 _a 75011858
040 _aDLC
_cDLC
_dCLU
_dCaSfIA
020 _a0525076506
020 _a9780525076506
035 _a(OCoLC)1324418
050 0 4 _aPZ4.P117
_aPS3566.A316
082 4 _a813/.5/4
100 1 _aPacker, Bernard.
245 1 0 _aCaro :
_h[electronic resource]
_ba novel /
_cby Bernard Packer.
250 _a1st ed.
260 _aNew York :
_bDutton,
_c1975.
300 _a309 p. ;
_c22 cm.
856 4 1 _uhttp://www.archive.org/details/caronovel00pack
_zFree eBook from the Internet Archive
856 4 2 _uhttp://www.openlibrary.org/books/OL5191294M
_zAdditional information and access via Open Library
029 1 _aNZ1
_b2938820
029 1 _aAU@
_b000000387006
942 _cEB
506 _fНеобхідна авторизація на https://archive.org/ (створення облікового запису безкоштовно)
506 _fНеобхідна авторизація на https://openlibrary.org/ (створення облікового запису безкоштовно)
999 _c478538
_d478538